| 000 | 00701nam a2200217 i 4500 | ||
|---|---|---|---|
| 001 | 128755 | ||
| 003 | ES-MaACL | ||
| 005 | 20250604062630.0 | ||
| 007 | t| | ||
| 008 | 070524s1964 sp ||||1| spa d | ||
| 080 | _a92:8.085 | ||
| 080 | _a328(46)"19" | ||
| 100 | 1 |
_aTapia Ozcariz, Enrique de. _9109240 |
|
| 245 | 1 | 0 |
_aSeñores diputados _b: de Canalejas a la segunda República / _cEnrique de Tapia Ozcariz. |
| 260 |
_a[Madrid] : _bAguilar, _c[1964] |
||
| 300 |
_a248 p. : _bil. ; _c23 cm. |
||
| 651 | 4 |
_aEspaña- _xHistoria- _y1874-1902, Restauración. _98267 |
|
| 651 | 4 |
_aEspaña- _xHistoria- _y1902-1931, Alfonso XIII _98276 |
|
| 852 |
_aES-MaACL _jC-24980 _bR.53918 |
||
| 999 |
_c128755 _d128755 |
||